[Event "Sparkassen-Open A"]
[Site "Heusenstamm, Martinsee"]
[Date "2018.11.25"]
[Round "6.55"]
[White "Sanati, Charlotte"]
[Black "Werner, Dimo"]
[Result "1-0"]
[WhiteElo "2096"]
[BlackElo "1993"]
[PlyCount "27"]
[EventDate "2018.??.??"]
[WhiteTeam "SG Trier"]
[BlackTeam "TSV Schott Mainz"]

1. d4 d5 2. c4 c6 3. Nf3 Nf6 4. Nc3 e6 5. e3 Bd6 6. Qc2 Nbd7 7. Bd3 O-O 8. O-O
dxc4 9. Bxc4 e5 10. Re1 h6 11. h3 Qe7 12. Bb3 e4 13. Nh4 Nb6 14. Ng6 1-0

[Event "Sparkassen-Open A"]
[Site "Heusenstamm, Martinsee"]
[Date "2018.11.25"]
[Round "6.56"]
[White "Mooser, Nicolas"]
[Black "Junker, Christian"]
[Result "1/2-1/2"]
[WhiteElo "2095"]
[BlackElo "1984"]
[PlyCount "119"]
[EventDate "2018.??.??"]
[WhiteTeam "FC Ergolding"]
[BlackTeam "SV Neu-Isenburg"]

1. d4 f5 2. c4 e6 3. g3 Nf6 4. Bg2 d5 5. Nf3 c6 6. O-O Be7 7. b3 Ne4 8. Ne5 O-O
9. Bb2 Nd6 10. Nd2 Nf7 11. Nd3 Bf6 12. Qc2 Re8 13. f3 a5 14. Ne5 Na6 15. a3 g6
16. c5 Qe7 17. Rfc1 Bg7 18. Qc3 Nc7 19. a4 g5 20. e3 Rf8 21. f4 Nxe5 22. dxe5
Bd7 23. Nf3 g4 24. Nd4 Rfb8 25. Ba3 Bf8 26. Bf1 Kf7 27. b4 axb4 28. Bxb4 Na6
29. Bxa6 Rxa6 30. a5 Qd8 31. Rcb1 Be7 32. Nb3 h5 33. h3 gxh3 34. Kh2 Qg8 35.
Qe1 Qg6 36. Qf2 Rh8 37. Rh1 Raa8 38. Rag1 Qg4 39. Nd4 Rag8 40. Nf3 Qg7 41. Nh4
Qf8 42. Qc2 Rg4 43. Kxh3 Rhg8 44. Nf3 R4g7 45. Qc1 Rg6 46. Qc2 Rh6 47. Nh4 Rg4
48. Kg2 Qd8 49. Nf3 Qg8 50. Kf2 h4 51. gxh4 Bxh4+ 52. Nxh4 Rhxh4 53. Rxg4 Rxg4
54. Qd1 Rg2+ 55. Kf1 Ke7 56. Qh5 Rb2 57. Qh7+ Qxh7 58. Rxh7+ Kd8 59. Bc3 Rb5
60. Bd4 1/2-1/2

[Event "Sparkassen-Open A"]
[Site "Heusenstamm, Martinsee"]
[Date "2018.11.25"]
[Round "6.57"]
[White "Eichner, Christian"]
[Black "Schmidt, Max"]
[Result "1-0"]
[WhiteElo "2091"]
[BlackElo "1979"]
[PlyCount "59"]
[EventDate "2018.??.??"]
[WhiteTeam "SV TuR Dresden"]
[BlackTeam "Frankfurter TV"]

1. e4 c5 2. Nf3 g6 3. c3 d5 4. Bb5+ Bd7 5. Bxd7+ Qxd7 6. Ne5 Qd6 7. Qa4+ Nc6 8.
Nxc6 bxc6 9. O-O e6 10. d3 Bg7 11. Bf4 Qd7 12. Re1 Ne7 13. Be3 d4 14. Bd2 Rb8
15. c4 Rxb2 16. Qa3 Qb7 17. Qxc5 O-O 18. Bg5 f6 19. Bf4 e5 20. Bg3 Rb8 21. f4
Bf8 22. Qd6 exf4 23. Bxf4 Qb4 24. Qe6+ Kh8 25. Rf1 Rb7 26. Bd6 Rxg2+ 27. Kxg2
Qb2+ 28. Rf2 Qxa1 29. Bxe7 Rxe7 30. Qxf6+ 1-0

[Event "Sparkassen-Open A"]
[Site "Heusenstamm, Martinsee"]
[Date "2018.11.25"]
[Round "6.58"]
[White "StÃ¼mer, Paul"]
[Black "Bachmann, Nick"]
[Result "1/2-1/2"]
[WhiteElo "2074"]
[BlackElo "1957"]
[PlyCount "57"]
[EventDate "2018.??.??"]
[WhiteTeam "SV Bergneustadt/Derschlag"]
[BlackTeam "SG WÃ¤chtersbach"]

1. Nf3 c5 2. e3 g6 3. d4 Bg7 4. Nc3 b6 5. Be2 Bb7 6. O-O Nf6 7. d5 e6 8. e4 h6
9. h3 O-O 10. Bf4 Na6 11. Qd2 Kh7 12. Rad1 exd5 13. exd5 Nc7 14. Bc4 a6 15. a4
b5 16. axb5 axb5 17. Nxb5 Nxb5 18. Bxb5 Bxd5 19. Ne5 Be6 20. Nxd7 Bxd7 21. Bxd7
Qxd7 22. Qxd7 Nxd7 23. Rxd7 Bxb2 24. Bd6 Rfd8 25. Rxf7+ Kg8 26. Rb7 Rxd6 27.
Rxb2 Rd2 28. Re1 Rad8 29. Re7 1/2-1/2

[Event "Sparkassen-Open A"]
[Site "Heusenstamm, Martinsee"]
[Date "2018.11.25"]
[Round "6.59"]
[White "Harringer, Manfred"]
[Black "Seifert, Norbert"]
[Result "0-1"]
[WhiteElo "2038"]
[BlackElo "1957"]
[PlyCount "64"]
[EventDate "2018.??.??"]
[WhiteTeam "Bergische SF"]
[BlackTeam "SF Neuberg"]

1. e4 c5 2. Nf3 Nc6 3. Bb5 d6 4. Bxc6+ bxc6 5. O-O g6 6. h3 Bg7 7. Re1 e5 8. d3
Nf6 9. Nbd2 O-O 10. Nc4 h6 11. Bd2 Be6 12. Kh2 Rb8 13. Rb1 Qd7 14. Ng1 Nh5 15.
g3 f5 16. exf5 Rxf5 17. Qe2 Rbf8 18. Rf1 R8f7 19. Kg2 Kh7 20. b4 cxb4 21. Bxb4
c5 22. Bd2 Qc6+ 23. f3 Bd5 24. a3 Qc7 25. Ne3 Bc6 26. c4 e4 27. fxe4 d5 28.
exd5 Qxg3+ 29. Kh1 Rf2 30. Rxf2 Rxf2 31. Qxf2 Qxf2 32. dxc6 Ng3# 0-1

[Event "Sparkassen-Open A"]
[Site "Heusenstamm, Martinsee"]
[Date "2018.11.25"]
[Round "6.60"]
[White "TremÃ¶hlen, Thomas"]
[Black "Foermes, Alexander"]
[Result "0-1"]
[WhiteElo "1980"]
[BlackElo "2061"]
[PlyCount "76"]
[EventDate "2018.??.??"]
[WhiteTeam "SG Kaarst"]
[BlackTeam "SK Marburg"]

1. d4 Nf6 2. Bf4 d5 3. e3 c5 4. c3 Nc6 5. Nd2 e6 6. Ngf3 cxd4 7. exd4 Nh5 8.
Bg5 f6 9. Be3 Bd6 10. g3 O-O 11. Bd3 g6 12. Qc2 Bd7 13. Bxg6 hxg6 14. Qxg6+ Ng7
15. h4 Ne7 16. Qd3 Ngf5 17. O-O-O Qa5 18. Kb1 Bb5 19. Qc2 Qa6 20. Ne1 Rac8 21.
Ndf3 Ba4 22. b3 Bb5 23. g4 Nxe3 24. fxe3 Bb4 25. Ng5 f5 26. Qg2 Rxc3 27. gxf5
Rxf5 28. Ne4+ Kf7 29. Nxc3 Bxc3 30. Rc1 Bf1 31. Qh2 Qa5 32. Rxf1 Rxf1 33. Nd3
Rxc1+ 34. Kxc1 Nf5 35. h5 Nxe3 36. h6 Bxd4 37. Ne5+ Bxe5 38. Qxe5 Qe1+ 0-1

[Event "Sparkassen-Open A"]
[Site "Heusenstamm, Martinsee"]
[Date "2018.11.25"]
[Round "6.61"]
[White "Oparaugo, Thomas"]
[Black "Haack, Kevin"]
[Result "0-1"]
[WhiteElo "2052"]
[BlackElo "1911"]
[PlyCount "44"]
[EventDate "2018.??.??"]
[WhiteTeam "SV Oberursel"]
[BlackTeam "SC Bad Soden"]

1. e4 d6 2. d4 Nf6 3. Nc3 Nbd7 4. Nf3 e5 5. Bc4 Be7 6. Bxf7+ Kxf7 7. Ng5+ Kg8
8. Ne6 Qe8 9. Nxc7 Qg6 10. O-O Rb8 11. dxe5 Nxe5 12. f4 Bg4 13. N7d5 Kf8 14.
Nxe7 Kxe7 15. fxe5 Bxd1 16. exf6+ gxf6 17. Nd5+ Kf7 18. Rxf6+ Qxf6 19. Nxf6
Kxf6 20. Bd2 Bxc2 21. Bc3+ Ke6 22. Bxh8 Rxh8 0-1

[Event "Sparkassen-Open A"]
[Site "Heusenstamm, Martinsee"]
[Date "2018.11.25"]
[Round "6.62"]
[White "Voss, Georg"]
[Black "KÃ¶llner, Aaron Noah"]
[Result "1-0"]
[WhiteElo "1921"]
[BlackElo "2019"]
[PlyCount "135"]
[EventDate "2018.??.??"]
[WhiteTeam "SV Schmallenberg"]
[BlackTeam "SG Bochum"]

1. c4 e5 2. g3 Bc5 3. Bg2 Nc6 4. Nc3 a6 5. a3 d6 6. e3 Ba7 7. Nge2 h5 8. h3 h4
9. g4 f5 10. Qc2 Nge7 11. Nd5 fxg4 12. Be4 Rh6 13. b4 Be6 14. Bb2 Qd7 15. Nxe7
Qxe7 16. d4 exd4 17. exd4 Bf7 18. O-O-O O-O-O 19. Bf5+ Be6 20. hxg4 Bxf5 21.
Qxf5+ Kb8 22. Qd3 Re8 23. Rd2 Qe4 24. Qxe4 Rxe4 25. f4 d5 26. c5 Ne7 27. Kd1
Re3 28. f5 Rh8 29. Nf4 Re4 30. Rf2 c6 31. Re1 Rxe1+ 32. Kxe1 Kc8 33. Re2 Kd7
34. Rxe7+ Kxe7 35. Ng6+ Kf6 36. Nxh8 Kg5 37. Nf7+ Kxg4 38. Nd6 Bb8 39. Kf2 Bc7
40. Bc1 h3 41. Kg1 b5 42. Ne8 Bd8 43. Kh2 Bf6 44. Nxf6+ gxf6 45. Be3 Kh4 46.
Bf4 Kg4 47. Bg3 Kxf5 48. Kxh3 Ke4 49. Bf2 Kf3 50. Bg1 f5 51. Kh4 f4 52. Kg5 Kg3
53. Kf5 f3 54. Ke5 Kg2 55. Be3 Kf1 56. Bg5 Ke2 57. Bh4 Ke3 58. Kd6 Kxd4 59.
Kxc6 Ke5 60. Bg3+ Ke4 61. Kb6 d4 62. c6 d3 63. c7 d2 64. c8=Q d1=Q 65. Qe6+ Kd3
66. Qd5+ Kc2 67. Qxd1+ Kxd1 68. Kxa6 1-0

[Event "Sparkassen-Open A"]
[Site "Heusenstamm, Martinsee"]
[Date "2018.11.25"]
[Round "6.63"]
[White "Paeslack, Luis"]
[Black "Kuhn, Gerhard"]
[Result "0-1"]
[WhiteElo "2044"]
[BlackElo "1932"]
[PlyCount "138"]
[EventDate "2018.??.??"]
[WhiteTeam "TV-GroÃŸostheim"]
[BlackTeam "SK Marburg"]

1. d4 Nf6 2. c4 g6 3. Nc3 d5 4. Nf3 Bg7 5. Qb3 dxc4 6. Qxc4 O-O 7. e4 Na6 8. e5
Nd7 9. Qb3 c5 10. Be3 cxd4 11. Bxd4 Ndc5 12. Qa3 Ne6 13. Be3 Nac7 14. Rd1 Qe8
15. Bc4 Bd7 16. Qb4 b5 17. Bd5 a5 18. Qe4 Nxd5 19. Nxd5 Rc8 20. Qh4 f6 21. O-O
Rc4 22. Qg3 Bc6 23. Qh3 Qf7 24. Nb6 Rc2 25. Rc1 Rxc1 26. Rxc1 Bxf3 27. Qxf3
fxe5 28. Qd5 Nd4 29. Bxd4 exd4 30. Qxb5 Qxf2+ 31. Kh1 Qe3 32. Qc4+ e6 33. Nd7
Rd8 34. Rf1 d3 35. Nc5 Qd4 36. Qxe6+ Kh8 37. Ne4 Qe5 38. Qb6 Re8 39. Nd6 Qe2
40. Rg1 Qe6 41. Rf1 d2 42. Qb5 Rd8 43. Nf7+ Qxf7 44. Rxf7 d1=Q+ 45. Rf1 Qd2 46.
b3 Qxa2 47. Re1 h6 48. Qb6 Qd2 49. Rf1 Kh7 50. h3 Re8 51. Rf7 Qe1+ 52. Kh2 Kh8
53. Qxg6 Qe5+ 54. Qg3 Qxg3+ 55. Kxg3 Re3+ 56. Kg4 Rxb3 57. Ra7 Rb5 58. h4 Kh7
59. h5 Rg5+ 60. Kh4 Kg8 61. g4 Rd5 62. Ra8+ Bf8 63. Ra7 Re5 64. Ra6 Be7+ 65.
Kg3 Bg5 66. Rg6+ Kf7 67. Ra6 Ke7 68. Ra7+ Kd6 69. Ra6+ Kc7 0-1

[Event "Sparkassen-Open A"]
[Site "Heusenstamm, Martinsee"]
[Date "2018.11.25"]
[Round "6.64"]
[White "Deppe, Leo Max"]
[Black "Von Auer, Ulrich"]
[Result "1-0"]
[WhiteElo "1895"]
[BlackElo "2042"]
[PlyCount "83"]
[EventDate "2018.??.??"]
[WhiteTeam "SC Bad Soden"]
[BlackTeam "SF Frankfurt"]

1. Nf3 Nf6 2. c4 g6 3. Nc3 Bg7 4. e4 d6 5. d4 O-O 6. Be2 e5 7. d5 a5 8. Bg5 h6
9. Bh4 Na6 10. Nd2 Qe8 11. O-O Bd7 12. b3 Nh7 13. a3 h5 14. f3 Bh6 15. Bf2 Qe7
16. Rb1 Qg5 17. Rb2 Bh3 18. Bg3 h4 19. f4 exf4 20. Nf3 Qf6 21. Be1 Bd7 22. Nxh4
Rfe8 23. Nf3 Bg7 24. Rb1 Nc5 25. Bd3 Qe7 26. Bc2 f5 27. Nh4 Nf8 28. Rxf4 Qe5
29. Rf1 fxe4 30. Ne2 Qh5 31. h3 Qh7 32. g4 g5 33. Nf5 Qxh3 34. Neg3 Be5 35. Qd2
Bf4 36. Rxf4 gxf4 37. Qxf4 Bxf5 38. Nxf5 Ng6 39. Qg5 Kh7 40. Bh4 Re7 41. Qh6+
Kg8 42. Qxg6+ 1-0

[Event "Sparkassen-Open A"]
[Site "Heusenstamm, Martinsee"]
[Date "2018.11.25"]
[Round "6.65"]
[White "Stuhlmann, Florian"]
[Black "Weiss, Matthias"]
[Result "0-1"]
[WhiteElo "1774"]
[BlackElo "2032"]
[PlyCount "62"]
[EventDate "2018.??.??"]
[WhiteTeam "SC Lindenholzhausen"]
[BlackTeam "SF SchÃ¶neck"]

1. d4 Nf6 2. c4 c5 3. d5 b5 4. Nd2 Qa5 5. e4 Nxe4 6. b4 Qxb4 7. Rb1 Qc3 8. Rb3
Qd4 9. Nxe4 Qxe4+ 10. Re3 Qg6 11. d6 Bb7 12. dxe7 Bxe7 13. Nf3 b4 14. Bd3 Qxg2
15. Rg1 Bxf3 16. Rxg2 Bxd1 17. Kxd1 Kf8 18. Bf5 Bf6 19. Rd3 g6 20. Be4 Nc6 21.
Rxd7 Rc8 22. f3 Kg7 23. Bd5 Ne7 24. Rxa7 Nxd5 25. cxd5 Rhd8 26. Rd2 Bd4 27. Kc2
Rxd5 28. Re2 Re5 29. Rd2 Rce8 30. Kd3 Re3+ 31. Kc4 Rc3+ 0-1

[Event "Sparkassen-Open A"]
[Site "Heusenstamm, Martinsee"]
[Date "2018.11.25"]
[Round "6.66"]
[White "Leck, Gerrit"]
[Black "Schmitt, Carsten"]
[Result "1-0"]
[WhiteElo "1993"]
[BlackElo "1913"]
[PlyCount "53"]
[EventDate "2018.??.??"]
[WhiteTeam "SV Lahn Limburg"]
[BlackTeam "SV Bergwinkel"]

1. d4 d5 2. c4 e6 3. Nc3 c5 4. cxd5 exd5 5. Nf3 Nc6 6. g3 Nf6 7. Bg2 Be7 8. O-O
O-O 9. Bg5 c4 10. Ne5 Be6 11. e3 Qa5 12. h3 Rfd8 13. Nxc6 bxc6 14. g4 Rab8 15.
Qd2 Bb4 16. Bf4 Rb5 17. Qc2 Bxc3 18. bxc3 Rd7 19. Rab1 Rdb7 20. Bd6 h6 21. Bb4
Qd8 22. a4 a5 23. axb5 axb4 24. bxc6 Rc7 25. Rxb4 Rxc6 26. Rfb1 Rc8 27. Qd2 1-0

[Event "Sparkassen-Open A"]
[Site "Heusenstamm, Martinsee"]
[Date "2018.11.25"]
[Round "6.67"]
[White "Schultze, JÃ¶rg-Martin"]
[Black "Lotz, Ralf"]
[Result "1-0"]
[WhiteElo "2027"]
[BlackElo "1907"]
[PlyCount "55"]
[EventDate "2018.??.??"]
[WhiteTeam "SF Anderssen Wetzlar"]
[BlackTeam "SC Obertshausen"]

1. e4 c6 2. d4 d5 3. exd5 cxd5 4. c4 Nf6 5. Nc3 Bg4 6. Nf3 e6 7. c5 Nc6 8. Bb5
Bxf3 9. Qxf3 Nd7 10. Be3 Be7 11. O-O Bf6 12. Rfe1 O-O 13. Rad1 Rc8 14. a3 a5
15. Bd3 b6 16. Ba6 Rb8 17. Bb5 Qc8 18. Nxd5 exd5 19. Qxd5 bxc5 20. Qxc6 cxd4
21. Qxc8 Rfxc8 22. Bxd7 dxe3 23. Bxc8 exf2+ 24. Kxf2 Rxc8 25. Re2 g6 26. Rd5 a4
27. Rb5 Rc4 28. Rb4 1-0

[Event "Sparkassen-Open A"]
[Site "Heusenstamm, Martinsee"]
[Date "2018.11.25"]
[Round "6.68"]
[White "Nyenhuis, Yannek"]
[Black "Scheitz, Michael"]
[Result "1/2-1/2"]
[WhiteElo "1892"]
[BlackElo "2090"]
[PlyCount "70"]
[EventDate "2018.??.??"]
[WhiteTeam "PSV Uelzen"]
[BlackTeam "Wiesbadener SV"]

1. d4 d5 2. Bf4 Nf6 3. e3 e6 4. c3 Bd6 5. Bg3 O-O 6. Nd2 b6 7. Ngf3 c5 8. Bd3
Ba6 9. Bxa6 Nxa6 10. Qe2 Nb8 11. Rd1 Nc6 12. e4 Be7 13. Ne5 Qc8 14. Nxc6 Qxc6
15. Bh4 Rfe8 16. e5 Nd7 17. Bxe7 Rxe7 18. O-O cxd4 19. cxd4 Rc8 20. f4 Nf8 21.
Nb1 b5 22. Qe3 Rec7 23. f5 exf5 24. Rxf5 b4 25. Rdf1 Ne6 26. R5f2 Qc4 27. b3
Qxd4 28. Qxd4 Nxd4 29. Rd2 Ne6 30. Rxd5 Rc1 31. Rfd1 Rxd1+ 32. Rxd1 Rc2 33. a3
bxa3 34. Nxa3 Rb2 35. Rd2 Rxb3 1/2-1/2

[Event "Sparkassen-Open A"]
[Site "Heusenstamm, Martinsee"]
[Date "2018.11.25"]
[Round "6.69"]
[White "Schnabel, Bennett"]
[Black "Stock, JÃ¼rgen"]
[Result "1-0"]
[WhiteElo "2146"]
[BlackElo "1941"]
[PlyCount "91"]
[EventDate "2018.??.??"]
[WhiteTeam "SV Mattnetz Berlin"]
[BlackTeam "Sfr. Kelkheim"]

1. e4 e6 2. d4 d5 3. Nd2 Be7 4. e5 c5 5. Qg4 Kf8 6. Ndf3 h5 7. Qf4 Nh6 8. Bd3
Nc6 9. a3 cxd4 10. Ne2 Bd7 11. h4 Qc7 12. Bg6 Nf5 13. Bxf5 exf5 14. Nexd4 Nxd4
15. Nxd4 Qc4 16. Be3 Bc5 17. Rd1 Re8 18. Rd3 Bxd4 19. Rxd4 Qxc2 20. O-O Rh6 21.
Rxd5 Bc6 22. Qb4+ Kg8 23. Rd2 Qe4 24. Qxe4 fxe4 25. Bxh6 gxh6 26. Rd6 Rxe5 27.
Rxh6 Rb5 28. b4 Rd5 29. Rf6 Kg7 30. Rf4 f5 31. f3 e3 32. Re1 Re5 33. Rd4 Re6
34. Kh2 Kf6 35. Kg3 a6 36. Kf4 e2 37. Rd2 Bb5 38. Rd5 Rc6 39. Rxf5+ Kg6 40.
Rg5+ Kh6 41. Rxb5 axb5 42. Rxe2 Rc4+ 43. Re4 Rc3 44. Re3 Rc4+ 45. Kg3 Kg6 46.
Re5 1-0

[Event "Sparkassen-Open A"]
[Site "Heusenstamm, Martinsee"]
[Date "2018.11.25"]
[Round "6.70"]
[White "Mueller, Werner"]
[Black "Reinecke, Katharina"]
[Result "1-0"]
[WhiteElo "2089"]
[BlackElo "1917"]
[PlyCount "177"]
[EventDate "2018.??.??"]
[WhiteTeam "BCA Augsburg"]
[BlackTeam "SK Langen"]

1. Nf3 d5 2. g3 Nf6 3. Bg2 g6 4. d3 Bg7 5. Nbd2 O-O 6. O-O e6 7. c3 b6 8. Re1
Bb7 9. Qc2 c5 10. e4 Nc6 11. a3 Rc8 12. h3 Qd7 13. Nf1 Rfd8 14. e5 Ne8 15. Bg5
Ne7 16. Qd2 Qc7 17. N1h2 Rd7 18. Ng4 Nf5 19. h4 d4 20. c4 h5 21. Nf6+ Nxf6 22.
Bxf6 Bh6 23. Bg5 Bg7 24. Qf4 a6 25. Nd2 Bxg2 26. Kxg2 b5 27. Rac1 Qb8 28. Qe4
b4 29. Ra1 Rb7 30. axb4 Rxb4 31. b3 Qb6 32. Ra3 Qc6 33. Bf4 Bh6 34. Bxh6 Nxh6
35. f3 Nf5 36. Qxc6 Rxc6 37. Ra5 Ne3+ 38. Kf2 Rb8 39. Rb1 Nc2 40. Ke2 Nb4 41.
Ne4 Rbc8 42. Rb2 Kf8 43. f4 Ke7 44. Kd2 R8c7 45. Rb1 Kd8 46. Rba1 Kc8 47. R1a4
Kb7 48. Nxc5+ Rxc5 49. Rxb4+ Ka7 50. Rba4 Rxa5 51. Rxa5 Rb7 52. Kc2 Rb4 53. Ra3
Rb6 54. Ra4 Kb7 55. b4 Kc7 56. Kd2 Kb7 57. Ke2 Rc6 58. Kf3 Rc7 59. Ke4 Rd7 60.
Ra2 Kb6 61. Rc2 a5 62. bxa5+ Kxa5 63. Rb2 Ka6 64. c5 Rd5 65. c6 Rc5 66. Rb7 Rc1
67. Kxd4 Rg1 68. Kc5 Rc1+ 69. Kd4 Rg1 70. Rb4 Rc1 71. Rc4 Rxc4+ 72. Kxc4 Kb6
73. d4 Kxc6 74. d5+ exd5+ 75. Kd4 Kc7 76. Kc5 Kd8 77. Kxd5 Kd7 78. Kd4 Ke6 79.
Kc5 Ke7 80. Kb6 Ke6 81. Kc6 Ke7 82. Kc7 Ke6 83. Kd8 f6 84. exf6 Kxf6 85. Ke8
Ke6 86. Kf8 Kf6 87. Kg8 Ke6 88. Kg7 Kf5 89. Kf7 1-0

[Event "Sparkassen-Open A"]
[Site "Heusenstamm, Martinsee"]
[Date "2018.11.25"]
[Round "6.71"]
[White "Kemper, Yannick"]
[Black "SchlÃ¶ÃŸner, Henrik"]
[Result "0-1"]
[WhiteElo "1890"]
[BlackElo "2088"]
[PlyCount "62"]
[EventDate "2018.??.??"]
[WhiteTeam "SK Ludwigshafen"]
[BlackTeam "SK GrÃ¼ndau"]

1. e4 c6 2. d4 d5 3. Nc3 dxe4 4. Nxe4 Nd7 5. Bd3 Ngf6 6. Ng5 Qc7 7. N1f3 h6 8.
Ne6 fxe6 9. Bg6+ Kd8 10. O-O b5 11. Re1 Qd6 12. Ne5 Nxe5 13. dxe5 Qxd1 14.
Rxd1+ Nd5 15. b3 Ba6 16. a4 b4 17. h4 Kc7 18. h5 Be2 19. Re1 Bg4 20. Bd2 a5 21.
Rac1 Bf5 22. Bf7 g5 23. hxg6 Bg7 24. g3 h5 25. Bg5 Rad8 26. Kg2 Rd7 27. f4 Nc3
28. Kf3 Rhd8 29. Bh4 Rd2 30. Bxe7 Bg4+ 31. Ke3 R8d4 0-1

[Event "Sparkassen-Open A"]
[Site "Heusenstamm, Martinsee"]
[Date "2018.11.25"]
[Round "6.72"]
[White "Mehlen, Theodor"]
[Black "Hinrichs, Hans-Uwe"]
[Result "0-1"]
[WhiteElo "1919"]
[BlackElo "2075"]
[PlyCount "90"]
[EventDate "2018.??.??"]
[WhiteTeam "SC Matt im Park"]
[BlackTeam "SK Bingen"]

1. e4 c6 2. d4 g6 3. c3 d5 4. exd5 cxd5 5. Bd3 Nc6 6. Bf4 Bg7 7. Nf3 Nf6 8. Qc2
O-O 9. O-O Nh5 10. Be3 Bg4 11. Nbd2 Rc8 12. Qb1 Qc7 13. h3 Bxf3 14. Nxf3 Nf4
15. Re1 Nxd3 16. Qxd3 e6 17. Rab1 Na5 18. g3 Qc4 19. Qxc4 Nxc4 20. Bf4 Rc6 21.
Nd2 Rfc8 22. Nxc4 Rxc4 23. Kg2 b5 24. a3 a5 25. Bd6 Bf8 26. Bxf8 Kxf8 27. Rbc1
b4 28. axb4 axb4 29. Re3 Rxd4 30. cxd4 Rxc1 31. Re2 Rd1 32. Rc2 Rxd4 33. Kf3
Rc4 34. Rd2 Ke7 35. Ke3 Kd6 36. Kd3 Kc5 37. Re2 b3 38. f4 Kd6 39. Rh2 f6 40. h4
e5 41. h5 e4+ 42. Ke3 f5 43. Rh4 Rc2 44. hxg6 Kc5 45. g7 d4# 0-1

[Event "Sparkassen-Open A"]
[Site "Heusenstamm, Martinsee"]
[Date "2018.11.25"]
[Round "6.73"]
[White "SurÃ¡nyi, PÃ¡l"]
[Black "Thomas, Tobias"]
[Result "1-0"]
[WhiteElo "2061"]
[BlackElo "1913"]
[PlyCount "103"]
[EventDate "2018.??.??"]
[WhiteTeam "SC Remagen-Sinzig"]
[BlackTeam "SK Langen"]

1. d4 d5 2. Nf3 Bg4 3. Ne5 Bh5 4. c4 f6 5. g4 fxe5 6. gxh5 dxc4 7. d5 e6 8. e4
Nf6 9. Nc3 exd5 10. exd5 c6 11. Bg5 Bb4 12. Bxc4 cxd5 13. Qa4+ Nc6 14. O-O-O
Bxc3 15. bxc3 Qa5 16. Qxa5 Nxa5 17. Bb5+ Kf7 18. Bxf6 gxf6 19. Rxd5 Rad8 20.
Bd7 Ke7 21. Rhd1 Nc4 22. R5d3 a6 23. h6 b5 24. h4 Rhg8 25. Bf5 Rxd3 26. Rxd3
Nd6 27. Bxh7 Rh8 28. Bg6 Rxh6 29. h5 Ke6 30. Kc2 Nf7 31. Kb3 Nh8 32. Be8 Ke7
33. Bc6 Rxh5 34. Rd7+ Ke6 35. Ra7 Rh2 36. f3 Nf7 37. Rxa6 Nd6 38. Bxb5 Rh3 39.
Bc6 f5 40. a4 f4 41. c4 Ke7 42. c5 Nf5 43. Kc4 Nd4 44. Ra7+ Kd8 45. Be4 Nxf3
46. Kd5 Nd2 47. Bf5 Rc3 48. Kxe5 f3 49. Rd7+ Ke8 50. Rxd2 Rxc5+ 51. Kf6 Rc4 52.
Bg6+ 1-0

[Event "Sparkassen-Open A"]
[Site "Heusenstamm, Martinsee"]
[Date "2018.11.25"]
[Round "6.74"]
[White "Seickel, Ralf"]
[Black "Bakiev, Diyor"]
[Result "1/2-1/2"]
[WhiteElo "2044"]
[BlackElo "1908"]
[PlyCount "132"]
[EventDate "2018.??.??"]
[WhiteTeam "vereinslos"]
[BlackTeam "SV Ffm-Griesheim"]

1. e4 Nf6 2. e5 Nd5 3. d4 d6 4. exd6 exd6 5. c4 Nb6 6. Bd3 Nc6 7. Be3 Be7 8.
Nc3 O-O 9. h3 Bf6 10. Nf3 Re8 11. O-O Nb4 12. Be2 Bf5 13. Rc1 Nc6 14. b3 Bg6
15. Qd2 Qd7 16. Rfd1 Rad8 17. Bg5 Bxg5 18. Qxg5 h6 19. Qf4 Qf5 20. Qxf5 Bxf5
21. Bd3 Bxd3 22. Rxd3 a6 23. Re3 Rxe3 24. fxe3 Ne7 25. e4 Nd7 26. Kf2 f6 27.
Ke3 Kf7 28. b4 b6 29. Kd3 c5 30. bxc5 bxc5 31. Rb1 cxd4 32. Nd5 Nxd5 33. exd5
Rb8 34. Rxb8 Nxb8 35. Kxd4 Nd7 36. Nd2 f5 37. Nb3 g5 38. c5 dxc5+ 39. Nxc5 Nxc5
40. Kxc5 Ke7 41. Kc6 Kd8 42. Kd6 g4 43. hxg4 fxg4 44. Ke6 g3 45. Kf6 Kd7 46.
Kg6 Kd6 47. Kxh6 Kxd5 48. Kg5 Kc4 49. Kf4 Kb4 50. Kxg3 Ka3 51. Kf4 Kxa2 52. g4
a5 53. g5 a4 54. g6 a3 55. g7 Kb2 56. g8=Q a2 57. Qb8+ Ka1 58. Qe5+ Kb1 59.
Qb5+ Ka1 60. Qf1+ Kb2 61. Qb5+ Ka1 62. Qa4 Kb2 63. Qb4+ Ka1 64. Qc3+ Kb1 65.
Qb3+ Ka1 66. Qxa2+ Kxa2 1/2-1/2

[Event "Sparkassen-Open A"]
[Site "Heusenstamm, Martinsee"]
[Date "2018.11.25"]
[Round "6.75"]
[White "Benninger, Rudolf"]
[Black "Feicht, Arno"]
[Result "1-0"]
[WhiteElo "2042"]
[BlackElo "1907"]
[PlyCount "31"]
[EventDate "2018.??.??"]
[WhiteTeam "SC Heusenstamm"]
[BlackTeam "SV Alsfeld"]

1. e4 c5 2. c3 Nf6 3. e5 Nd5 4. d4 cxd4 5. cxd4 d6 6. Bc4 Nb6 7. Bb5+ Bd7 8. e6
fxe6 9. Bd3 Kf7 10. Nf3 h6 11. Nh4 g5 12. Ng6 Rg8 13. Qh5 Be8 14. Bxg5 Bg7 15.
Bxh6 Qc8 16. Nh8+ 1-0

[Event "Sparkassen-Open A"]
[Site "Heusenstamm, Martinsee"]
[Date "2018.11.25"]
[Round "6.76"]
[White "Mischke, Gabriel"]
[Black "Pabel, Ralph"]
[Result "1/2-1/2"]
[WhiteElo "2036"]
[BlackElo "1905"]
[PlyCount "38"]
[EventDate "2018.??.??"]
[WhiteTeam "TSV Schott Mainz"]
[BlackTeam "SK Mainaschaff"]

1. e4 c6 2. d4 d5 3. Nc3 dxe4 4. Nxe4 Nd7 5. Bc4 e6 6. Nf3 Ngf6 7. Ng3 Bd6 8.
Qe2 O-O 9. Bd2 Nb6 10. Bd3 Nbd5 11. Ne5 c5 12. dxc5 Bxc5 13. O-O-O Qc7 14. Ng4
b6 15. Nxf6+ Nxf6 16. Ne4 Be7 17. Bg5 Bb7 18. Nxf6+ Bxf6 19. Bxf6 Qf4+ 1/2-1/2

[Event "Sparkassen-Open A"]
[Site "Heusenstamm, Martinsee"]
[Date "2018.11.25"]
[Round "6.77"]
[White "Rieger, Mario"]
[Black "Englert, Jon"]
[Result "1/2-1/2"]
[WhiteElo "1868"]
[BlackElo "2022"]
[PlyCount "64"]
[EventDate "2018.??.??"]
[WhiteTeam "MS Halver-SchalksmÃ¼hle"]
[BlackTeam "TV-GroÃŸostheim"]

1. d4 g6 2. c4 Bg7 3. e4 d6 4. Nc3 Nd7 5. Nf3 e6 6. Be3 Ne7 7. Qd2 h6 8. Bd3 b6
9. O-O Bb7 10. Rac1 a6 11. b4 Nf6 12. h3 g5 13. e5 Nd7 14. exd6 cxd6 15. Qe2
O-O 16. Ne4 Nf5 17. g4 Nxe3 18. fxe3 d5 19. Nd6 dxc4 20. Bxc4 Bxf3 21. Qxf3 Nf6
22. Ne4 Nxe4 23. Qxe4 Qd6 24. Bd3 f5 25. gxf5 exf5 26. Rxf5 Qg3+ 27. Kh1 Qxh3+
28. Kg1 Rxf5 29. Qxa8+ Rf8 30. Qd5+ Kh8 31. Qe4 Qg3+ 32. Kh1 Qh3+ 1/2-1/2

[Event "Sparkassen-Open A"]
[Site "Heusenstamm, Martinsee"]
[Date "2018.11.25"]
[Round "6.79"]
[White "Lehmann, Tim"]
[Black "Hoffmann, Matthias"]
[Result "1/2-1/2"]
[WhiteElo "1901"]
[BlackElo "2024"]
[PlyCount "35"]
[EventDate "2018.??.??"]
[WhiteTeam "SV Lahn Limburg"]
[BlackTeam "SV Wiehl"]

1. d4 e6 2. Nf3 f5 3. Bg5 Be7 4. h4 b6 5. e3 Bb7 6. Ne5 g6 7. Bxe7 Qxe7 8. c4
Nf6 9. Nc3 d6 10. Qa4+ c6 11. Nd3 O-O 12. Qa3 c5 13. O-O-O Ne4 14. f3 Nxc3 15.
Qxc3 Qf6 16. Kb1 Nc6 17. Nf4 cxd4 18. exd4 1/2-1/2

[Event "Sparkassen-Open A"]
[Site "Heusenstamm, Martinsee"]
[Date "2018.11.25"]
[Round "6.80"]
[White "Ochs, Daniel Elias"]
[Black "Pauls, Wilhelm"]
[Result "1-0"]
[WhiteElo "1884"]
[BlackElo "2024"]
[PlyCount "143"]
[EventDate "2018.??.??"]
[WhiteTeam "Wiesbadener SV"]
[BlackTeam "SG Kaarst"]

1. d4 Nf6 2. Nf3 g6 3. g3 Bg7 4. Bg2 O-O 5. O-O d6 6. c4 Nc6 7. Nc3 Re8 8. e4
Rb8 9. Be3 Ng4 10. Bc1 e5 11. d5 Ne7 12. h3 Nh6 13. Be3 f5 14. Bxa7 Ra8 15. Be3
Nf7 16. Rc1 fxe4 17. Nd2 Nf5 18. Ndxe4 Nxe3 19. fxe3 Bf5 20. a3 Ng5 21. h4 Nf7
22. Kh2 Nh6 23. Bh3 Qd7 24. Bxf5 gxf5 25. Nf2 Qf7 26. Qe2 Qg6 27. Rg1 Kh8 28.
e4 fxe4 29. Ncxe4 Nf5 30. Qg4 Nd4 31. Qxg6 hxg6 32. Kg2 Ne2 33. Rge1 Nxc1 34.
Rxc1 Bh6 35. Rc3 b6 36. Ng4 Kg7 37. Ngf2 Rf8 38. Kf1 Rf7 39. Ke2 Raf8 40. a4 g5
41. hxg5 Bxg5 42. b3 Be7 43. Re3 Kg6 44. Rc3 Bg5 45. b4 Ra8 46. Ra3 Bc1 47. Ra2
Raf8 48. a5 bxa5 49. bxa5 Ra8 50. Nd3 Bg5 51. a6 Rh7 52. Ra5 Rh2+ 53. Ndf2 Ra7
54. Nc3 Ra8 55. a7 Bd8 56. Ra6 Kf5 57. Nce4 Bg5 58. Kf3 Bd8 59. g4+ Kg6 60. Kg3
Rh7 61. c5 Bh4+ 62. Kg2 Bxf2 63. Kxf2 c6 64. Rxc6 Rhxa7 65. Rxd6+ Kg7 66. Kg3
Ra4 67. Ng5 e4 68. Re6 Ra3+ 69. Kf4 e3 70. Rxe3 R8a4+ 71. Re4 Rxe4+ 72. Nxe4
1-0